Click Modern Day Countries Of The Ottoman Empire On A Map - Statistics

General Stats
  • This quiz has been taken 31 times
  • The average score is 29 of 31
Answers on the Map
Answers color-coded by a green-red scale on the quiz's map according to % correct below.
 
Answer Stats
Answer % Correct
Bulgaria
100%
Iraq
100%
Libya
100%
Albania
96%
Croatia
96%
Cyprus
96%
Egypt
96%
Greece
96%
Lebanon
96%
Moldova
96%
Romania
96%
Saudi Arabia
96%
Serbia
96%
Syria
96%
Tunisia
96%
Turkey
96%
Bosnia and Herzegovina
92%
Georgia
92%
Hungary
92%
Israel
92%
Kosovo
92%
Kuwait
92%
North Macedonia
92%
Ukraine
92%
Algeria
88%
Eritrea
88%
Jordan
88%
Montenegro
88%
Russia
84%
Slovakia
84%
Sudan
84%
No matching quizzes found
Score Distribution
Percent of People with Each Score
Percentile by Number Answered
Your Score History
You have not taken this quiz